| 000 | 00000cam 2200000zi 4500 |
| 001 | 9.954435 |
| 003 | CaOODSP |
| 005 | 20260528142530 |
| 006 | m o d f |
| 007 | cr cn||||||||| |
| 008 | 250825t20252025onca os f000 0 eng d |
| 020 | |a9780660786216 |
| 040 | |aCaOODSP|beng|erda|cCaOODSP |
| 043 | |an-cn--- |
| 045 | |ay0y2 |
| 086 | 1 |aT94-60/1-2025E-PDF |
| 245 | 00|aHomelessness data snapshot : |bthe National Shelter Study 2024 update. |
| 264 | 1|aOttawa, Ontario : |bHousing, Infrastructure and Communities Canada, |c[2025] |
| 264 | 4|c©2025 |
| 300 | |a1 online resource (14 unnumbered pages) : |bcolour illustrations |
| 336 | |atext|btxt|2rdacontent |
| 337 | |acomputer|bc|2rdamedia |
| 338 | |aonline resource|bcr|2rdacarrier |
| 500 | |aIssued also in French under title: Instantané de données sur l'itinérance : mise à jour de l'Étude nationale sur les refuges de 2024. |
| 520 | |a"The National Shelter Study is an ongoing analysis of trends in homeless shelter use in Canada. The present report provides an update on trends in 2024. This analysis covers the period from 2005 to 2024 and uses data collected from: the Homeless Individuals and Families Information System (HIFIS), and provincial and municipal partners that have data-sharing agreements with the Government of Canada. Approximately 50% of emergency shelters in Canada were included in this analysis, representing about 70% of available emergency shelter beds. The methodology takes into account people who use more than one shelter to ensure that individuals are only counted once. Domestic violence shelters, immigrant and refugee shelters, and transitional housing are not included due to insufficient data coverage"--Introduction, page [1]. |
| 650 | 0|aHomelessness|zCanada|vStatistics. |
| 650 | 0|aHomeless persons|zCanada|vStatistics. |
| 650 | 0|aShelters for the homeless|zCanada|vStatistics. |
| 655 | 7|aStatistics|2lcgft |
| 710 | 1 |aCanada. |bHousing, Infrastructure and Communities Canada, |eissuing body. |
| 775 | 08|tInstantané de données sur l'itinérance : |w(CaOODSP)9.954436 |
| 795 | |tHomelessness data snapshot : |w(CaOODSP)9.944853 |
| 856 | 40|qPDF|s455 KB|uhttps://publications.gc.ca/collections/collection_2026/licc-hicc/T94-60-1-2025-eng.pdf |
| 856 | 4 |qHTML|sN/A|uhttps://housing-infrastructure.canada.ca/homelessness-sans-abri/reports-rapports/data-shelter-2024-donnees-refuge-eng.html |